| 000 | 00907nam a2200265Ia 4500 | ||
|---|---|---|---|
| 003 | OSt | ||
| 005 | 20221005111110.0 | ||
| 006 | a|||||r|||| 00| 0 | ||
| 007 | ta | ||
| 008 | 221004b |||||||| |||| 00| 0 hin d | ||
| 020 |
_a9789350727331 (hbk) _cIndian Rupees 150 |
||
| 024 | _a27899 | ||
| 037 |
_bGift, 05/10/2016, _cTextual |
||
| 040 |
_aCRL _cCRL _bhin |
||
| 041 |
_2hin _ahin |
||
| 082 | _aO155,3N56w,1, 152P9 | ||
| 100 | _aलिंबाले, शरणकुमार | ||
| 245 | 0 | _aअक्करमाशी | |
| 246 | _aAkkaramāshī | ||
| 260 |
_aनई दिल्ली _bवाणी प्रकाशन भारत _c2009 |
||
| 300 |
_a151पृ0 _ccm. |
||
| 650 | _aमराठी साहित्य | ||
| 942 |
_hO155,3N56w,1, 152P9 _cTEXL _2cc |
||
| 999 |
_c1020810 _d1020810 |
||